Countries of Europe - Statistics

General Stats
  • This quiz has been taken 5 times
  • The average score is 38 of 46
Answer Stats
Hint Answer % Correct
Has the word ban in it Albania
100%
Capital city is Andorra La Vella Andorra
100%
It is a bela!! Belarus
100%
Bull aria Bulgaria
100%
you are the goat beggining with C Croatia
100%
Check it Czechia
100%
Mark has a Den! Denmark
100%
Where olympus is Greece
100%
Bonjour France
100%
Too many grr Germany
100%
I am hungry Hungary
100%
This is a land full of ice Iceland
100%
Hello St Patrick Hello Ireland
100%
Where pizza was born Italy
100%
kos kos kos Kosovo
100%
Riga is the Capital! Latvia
100%
Bel um um Belgium
80%
Boss Bosnia
80%
Capital is Nicosia Cyprus
80%
Capital is Calin Estonia
80%
Get the fins on the land land land Finland
80%
Lit the house on fire!! Lithuania
80%
Lux the bourgs dont you? Luxembourg
80%
MAL TEA Malta
80%
Mold va Moldova
80%
We are in the Nether world Netherlands
80%
Where Norse people live Norway
80%
Get the pol in this land! Poland
80%
Roman!! Romania
80%
Rossa Russia
80%
In the San for being sick San Marino
80%
The capital is Brat is lava Slovakia
80%
Slow vivi slow Slovenia
80%
Madrid Spain
80%
Where the chocolate is Switzerland
80%
The king is united United Kingdom
80%
Can city Vatican City
80%
Some people say this country is in asia it has the word arm in it Armenia
60%
Monica Monaco
60%
Airplane Port ga Portugal
60%
I Shall serve the bia Serbia
60%
Minecraft was made here Sweden
60%
Rain is in it Ukraine
60%
has z in it Azerbaijan
40%
Monday ten grow Montenegro
40%
Go up North and you shall find mace North Macedonia
40%
No matching quizzes found
Score Distribution
Percent of People with Each Score
Percentile by Number Answered
Your Score History
You have not taken this quiz